Truyền thông đại chúng

Đã lưu trong:
书目详细资料
主要作者: Tạ, Ngọc Tấn
格式: 图书
语言:Undetermined
出版: Hà Nội Chính trị Quốc gia 2004
主题:
标签: 添加标签
没有标签, 成为第一个标记此记录!
Thư viện lưu trữ: Trung tâm Học liệu Trường Đại học Cần Thơ
LEADER 00546nam a2200181Ia 4500
001 CTU_90823
008 210402s9999 xx 000 0 und d
082 |a 070 
082 |b T121 
100 |a Tạ, Ngọc Tấn 
245 0 |a Truyền thông đại chúng 
245 0 |c Tạ Ngọc Tấn 
260 |a Hà Nội 
260 |b Chính trị Quốc gia 
260 |c 2004 
650 |a Journalism,Information resources management 
904 |i Tuyến (Nguyên sửa) 
980 |a Trung tâm Học liệu Trường Đại học Cần Thơ